Fr. Conceicao Rodrigues College of Engineering

2000 solved probems in numerical analysis (Record no. 28322)

MARC details
000 -LEADER
fixed length control field 00337nam a2200145Ia 4500
082 ## - DEWEY DECIMAL CLASSIFICATION NUMBER
Classification number 519.4076
Item number SCH
100 ## - MAIN ENTRY--PERSONAL NAME
Personal name Scheid francis
245 ## - TITLE STATEMENT
Title 2000 solved probems in numerical analysis
260 ## - PUBLICATION, DISTRIBUTION, ETC.
Name of publisher, distributor, etc. Mc Graw Hill
Place of publication, distribution, etc. Singapore
Date of publication, distribution, etc. 1990
300 ## - PHYSICAL DESCRIPTION
Extent 698
546 ## - LANGUAGE NOTE
Language note ENGLISH
654 ## - SUBJECT ADDED ENTRY--FACETED TOPICAL TERMS
Focus term numerical analysis
942 ## - ADDED ENTRY ELEMENTS (KOHA)
Koha item type BOOK
Holdings
Withdrawn status Lost status Damaged status Not for loan Collection Home library Current library Date acquired Source of acquisition Cost, normal purchase price Inventory number Total Checkouts Full call number Barcode Date last seen Cost, replacement price Price effective from Koha item type
        CRC Fr. Agnel's C.Rodrigues College of Engineering Fr. Agnel's C.Rodrigues College of Engineering 17/03/2023 Progressive Books 285.50 2044 dt 23.07.92   519.4076 SCH 3739 17/03/2023 285.50 23/07/1992 BOOK